Industrial microbiology
Сохранить в:
| Главный автор: | |
|---|---|
| Формат: | |
| Язык: | английский |
| Опубликовано: |
Ishwar Books
2018
|
| Метки: |
Добавить метку
Нет меток, Требуется 1-ая метка записи!
|
MARC
| LEADER | 00000nam a22000007a 4500 | ||
|---|---|---|---|
| 008 | 240522b |||||||| |||| 00| 0 eng d | ||
| 020 | |a 9789386806048 | ||
| 100 | |a SINGH, Rana Vikram | ||
| 245 | |a Industrial microbiology |c /Rana Vikram Singh |g vi,298p, ill | ||
| 260 | |b Ishwar Books |c 2018 |h New Delhi |i 700319 |i 700320 |l QR53.Si6 |m Industrial microbiology | ||
| 500 | |a it includes references and index | ||
| 942 | |a lcc |c BK |e Johnson |f 22/05/24 | ||
| 952 | |0 0 |1 0 |2 lcc |4 0 |6 QR0053 S I6 |7 0 |9 5132 |a SL |b HOL |c QZ |d 2024-05-22 |l 0 |o QR53.Si6 |p 2024-0379 |r 2024-05-22 00:00:00 |t 700319 |w 2024-05-22 |y BK | ||
| 952 | |0 0 |1 0 |2 lcc |4 0 |6 QR0053 S I6 |7 0 |9 5133 |a HOL |b HOL |c QZ |d 2024-05-22 |l 0 |o QR53.Si6 |p 2024-0380 |r 2024-05-22 00:00:00 |t 700320 |w 2024-05-22 |y BK | ||
| 999 | |c 2550 |d 2550 | ||